[Event "Saarlouis op 6th"]
[Site "Saarlouis"]
[Date "2003.06.01"]
[Round "7"]
[White "Klein, Reinhard"]
[Black "Ihloff, Heiko"]
[Result "1-0"]
[WhiteElo "1643"]
[BlackElo "1259"]
[PlyCount "98"]
[EventDate "2003.05.??"]
[EventType "swiss"]
[EventRounds "7"]
[EventCountry "GER"]
[SourceTitle "EXT 2006"]
[Source "ChessBase"]
[SourceDate "2005.11.24"]
[SourceVersion "1"]
[SourceVersionDate "2005.11.24"]
[SourceQuality "1"]

1. d4 e6 2. Nf3 d5 3. c4 c5 4. e3 Nf6 5. Nbd2 Qc7 6. Bd3 cxd4 7. exd4 dxc4 8. Nxc4 Bd6 9. 0-0 0-0 10. Nfe5 Nbd7 11. f4 Nd5 12. Nxd7 Bxd7 13. Rf3 Nxf4 14. Bxh7+ Kxh7 15. Nxd6 e5 16. Bxf4 exf4 17. Qd3+ g6 18. Qa3 g5 19. Re1 Be6 20. Qd3+ Kg7 21. Re5 Qxd6 22. Rxg5+ Kf6 23. Rc5 b6 24. Re5 Rg8 25. Rxf4+ Ke7 26. Qf3 Kd7 27. a3 Rac8 28. Re2 Bd5 29. Qh3+ Kc6 30. Rff2 Kb7 31. Rc2 Rxc2 32. Rxc2 Be4 33. Rd2 Qd5 34. g3 Rc8 35. Qh4 Bh1 36. Qe7+ Rc7 37. Qe1 Rc4 38. Qf1 Rxd4 39. Rxd4 Qxd4+ 40. Kxh1 Qxb2 41. Qxf7+ Ka6 42. Qc4+ Ka5 43. Qb4+ Qxb4 44. axb4+ Kxb4 45. h4 a5 46. h5 a4 47. h6 a3 48. h7 b5 49. h8Q a2 1-0